Gibson : South African Mercantile and Company Law / (Record no. 270)

MARC details
000 -LEADER
fixed length control field 00557nam a22001817a 4500
005 - DATE AND TIME OF INPUT
control field 20231103063738.0
008 - DATA ELEMENTS--GENERAL INFORMATION
fixed length control field 231103b |||||||| |||| 00| 0 eng d
020 ## - INTERNATIONAL STANDARD BOOK NUMBER
International Standard Book Number 0702140589
041 ## - LANGUAGE CODE
Language code of text English
082 ## - SHELF NUMBER
DDC number 346.6 GIB
100 ## - MAIN AUTHOR
Main author's name Gibson, JTR
Language of a work English
245 ## - TITLE STATEMENT
Title Gibson : South African Mercantile and Company Law /
Statement of responsibility, etc. JTR Gibson
250 ## - EDITION STATEMENT
Edition statement Seventh Edition
260 ## - PUBLICATION, DISTRIBUTION, ETC.
Place of publication, distribution, etc. Cape Town :
Name of publisher, distributor, etc. Juta and Company Ltd,
Date of publication, distribution, etc. 1997
300 ## - PHYSICAL DESCRIPTION
Other physical details xlix, 777 pages ;
Dimensions 25,5 cm.
650 ## - SUBJECT`
Broad subject Legal practice
Own subject terms Law
942 ## - ADDED ENTRY ELEMENTS (KOHA)
Item type Books
942 ## - ADDED ENTRY ELEMENTS (KOHA)
-- ALISON_BN_VRIES
Holdings
Source of classification or shelving scheme Not for loan Collection code Home library Current library Shelving location Date acquired Full call number Barcode Price effective from Koha item type
Dewey Decimal Classification   TEXT BOOKS LAW SOCIETY OF NAMIBIA LIBRARY - WINDHOEK LAW SOCIETY OF NAMIBIA LIBRARY - WINDHOEK Corporate, commercial and company law 11/03/2023 346.6 GIB LSN/1997/22 11/03/2023 Books